Những quy định pháp luật về quyền lợi và nghĩa vụ của cán bộ công chức Nhà nước và người lao động.
Chính sách tuyển dụng, thôi việc, ngừng việc; Tiền lương, phụ cấp và các chế độ khác; Bảo hiểm xã hội; Quy định khác có liên quan đối với cán bộ, công chức và người lao động.
Đã lưu trong:
| 格式: | 图书 |
|---|---|
| 语言: | Vietnamese |
| 出版: |
Hà Nội :
Chính trị quốc gia,
1999.
|
| 主题: | |
| 标签: |
添加标签
没有标签, 成为第一个标记此记录!
|
| Thư viện lưu trữ: | Mạng thư viện Đại học Đà Nẵng |
|---|
| LEADER | 01221cam a2200361 i 4500 | ||
|---|---|---|---|
| 001 | 000042254 | ||
| 003 | 127 | ||
| 005 | 20041027161924.0 | ||
| 008 | 010217b1999 vm 000 vie | ||
| 020 | |c 145000 | ||
| 022 | |a T | ||
| 040 | |a IRC |c IRC |d IRC | ||
| 041 | 0 | |a vie | |
| 082 | 1 | 4 | |a 344.01 |b Qu-Đ |
| 245 | 0 | 6 | |a Những quy định pháp luật về quyền lợi và nghĩa vụ của cán bộ công chức Nhà nước và người lao động. |
| 260 | |a Hà Nội : |b Chính trị quốc gia, |c 1999. | ||
| 300 | |a 1039 tr. ; |c 27 cm. | ||
| 520 | 3 | |a Chính sách tuyển dụng, thôi việc, ngừng việc; Tiền lương, phụ cấp và các chế độ khác; Bảo hiểm xã hội; Quy định khác có liên quan đối với cán bộ, công chức và người lao động. | |
| 630 | 0 | 4 | |a Pháp luật. |
| 630 | 0 | 4 | |a Luật lao động. |
| 650 | 0 | 4 | |a Luật lao động. |
| 650 | 0 | 4 | |a Công chức |x Quy chế. |
| 650 | 0 | 4 | |a Lao động |x Chính sách. |
| OWN | |a DUT | ||
| 999 | |a From the UDN01 | ||
| TYP | |a Monograph | ||
| TYP | |a Printed language | ||
| 980 | |a Mạng thư viện Đại học Đà Nẵng | ||